Trattato elementare di geometria ad uso delle scuole dell'esercito

Salvato in:
Dettagli Bibliografici
Natura: Libro
Lingua:italiano
Pubblicazione: Torino : Franco, 1862
Edizione:2. ed.
Catalogo:EDISCO:  Risultati della ricerca del catalogo della biblioteca
Libro di testo Classificazione:
Soggetti:
Tags: Aggiungi Tag
Nessun Tag, puoi essere il primo ad aggiungerne!!
Aggiunto a:2016-04-30
Cambiato in:2017-10-04

MARC

LEADER 00000aam a22000001 4500
001 24188
003 OSt
005 20171004090921.0
008 160501s1862 it 000 0 ita
040 |c milena maione 
041 1 |a ita 
245 0 0 |a Trattato elementare di geometria ad uso delle scuole dell'esercito 
250 |a 2. ed. 
260 |a Torino :  |b Franco,  |c 1862 
300 |a VI, 325 p. ;   |c 22x16 cm 
650 4 |a Geometria  |9 577 
655 |a Manuale  |9 9 
690 4 |a Secondaria superiore  |9 8  |x Accademia militare 
901 |a 1 
942 |2 ddc  |c BK 
546 |a ita 
999 |c 24176  |d 24176 
999 |c edisco:24176  |d 24176